Notable Mughal and Hindu Women in the 16th Centuries A.D (Record no. 6429)

MARC details
000 -LEADER
fixed length control field 00686nam a2200265 a 4500
020 ## - INTERNATIONAL STANDARD BOOK NUMBER
ISBN 8121019
082 00 - DEWEY DECIMAL CLASSIFICATION NUMBER
Classification number 954.025
Author Cutter NAT
100 ## - MAIN ENTRY--AUTHOR NAME
Author name Nath, Renuka
245 ## - TITLE STATEMENT
Title Notable Mughal and Hindu Women in the 16th Centuries A.D
260 ## - PUBLICATION, DISTRIBUTION, ETC. (IMPRINT)
Place of publication Delhi
Name of publisher Inter-India Publications
Year of publication 1990
300 ## - PHYSICAL DESCRIPTION
Number of Pages 264p
500 ## - GENERAL NOTE
General note includes index and biblioraphy
505 2# - FORMATTED CONTENTS NOTE
Formatted contents note Index
650 ## - SUBJECT ADDED ENTRY--TOPICAL TERM
Topical Term India-History
650 ## - SUBJECT ADDED ENTRY--TOPICAL TERM
Topical Term Women-India
650 ## - SUBJECT ADDED ENTRY--TOPICAL TERM
Topical Term India-History Muslim Period
942 ## - ADDED ENTRY ELEMENTS (KOHA)
Koha item type Books
700 1# -
-- Nath, Renuka
Holdings
Collection code Home library Current library Date acquired Cost, normal purchase price Full call number Accession Number Koha item type
  Henry Martyn Institute Library Henry Martyn Institute Library 04/04/2007 250.00 954.025 NAT 014289 Books
                   Copyright © 2026 | Henry Martyn Institute | Hyderabad | TS-500052 | INDIA | Implemented by hmi.edu.in
Hit-Count:

Powered by Koha